| 000 | 01327njm a22003617a 4500 | ||
|---|---|---|---|
| 005 | 20100917143741.0 | ||
| 007 | sd ammalaaahaa | ||
| 008 | 100904t xxu||||| |||| 00| 0 hin d | ||
| 028 |
_a3AEX.16003 _bAngel Records |
||
| 028 |
_a2XKK.221 _bAngel Records |
||
| 028 |
_a2XKK.222 _bAngel Records |
||
| 035 | _aGR-03102 | ||
| 040 | _aSED/VEN | ||
| 100 |
_91184 _aMehdi Hassan |
||
| 245 |
_aWoh Shama Ujla Jisne Kiya (Part-1) _bUrdu Muslim Religious / _cby Mehdi Hassan; Lyric by Jafar Ali Khan _h[Sound Recording] : |
||
| 246 | _aवो शमा उजला जिसने किया (मेहदी हसन) | ||
| 250 | _aP-1979 | ||
| 260 |
_aDum Dum, India _bAngel Records |
||
| 300 |
_a1 sound disc [Gramophone Recording] : _banalog, 33 1/3 rpm ; _c12 in. [LP] _fGramophone Records |
||
| 500 | _aBrief Records | ||
| 500 | _aRecord Labels: Angel Records, Purple | ||
| 505 | _a गीत-2; जमीन के फर्श पर (मेहदी हसन) (भाग-2) | ||
| 600 |
_920259 _aMehdi Hassan |
||
| 610 | _920322 | ||
| 650 |
_aClassical Music _xExcerpts _zIndia _918309 |
||
| 700 | _918319 | ||
| 700 | _918320 | ||
| 700 | _920323 | ||
| 700 | _920456 | ||
| 700 | _920457 | ||
| 942 |
_2ddc _cGR |
||
| 999 |
_c46513 _d46513 |
||